[Event "POL-chT3 Slaskie"]
[Site "Poland"]
[Date "2008.05.10"]
[Round "7.103"]
[White "Majczyna, Andrzej"]
[Black "Mysliwiec, Grzegorz"]
[Result "1/2-1/2"]
[WhiteElo "2100"]
[BlackElo "2027"]
[PlyCount "163"]
[EventDate "2008.02.03"]
[EventType "team-swiss"]
[EventRounds "9"]
[EventCountry "POL"]
[SourceTitle "EXT 2019"]
[Source "ChessBase"]
[SourceDate "2018.10.10"]
[SourceVersion "1"]
[SourceVersionDate "2018.10.10"]
[SourceQuality "1"]

1. d4 d5 2. Bf4 Nf6 3. Nd2 e6 4. e3 c5 5. c3 Nc6 6. Bd3 Be7 7. Ngf3 0-0 8. 0-0 Nh5 9. Bg3 f5 10. dxc5 Bxc5 11. Nb3 Nxg3 12. hxg3 Be7 13. Nfd4 Bd6 14. c4 Qg5 15. cxd5 exd5 16. Rc1 Bd7 17. Bb5 Rac8 18. Nf3 Qe7 19. Qxd5+ Be6 20. Qxe6+ Qxe6 21. Bc4 Qxc4 22. Rxc4 Ne5 23. Rxc8 Rxc8 24. Rd1 Nxf3+ 25. gxf3 Be5 26. Rd7 Rc7 27. Rxc7 Bxc7 28. Nd4 g6 29. g4 fxg4 30. fxg4 Kf7 31. f4 h6 32. Kf2 a6 33. Kf3 h5 34. gxh5 gxh5 35. e4 Bb6 36. Nf5 Kf6 37. b3 Bc5 38. Nh4 Bd4 39. Nf5 Bc5 40. Ng3 Kg6 41. Nh1 h4 42. Kg4 Be3 43. f5+ Kf6 44. Kxh4 Ke5 45. Ng3 Kf4 46. f6 Bc5 47. f7 Be7+ 48. Kh3 Bf8 49. Kg2 b5 50. a4 bxa4 51. bxa4 a5 52. Nf5 Kxe4 53. Nh4 Kd4 54. Kf3 Kc4 55. Ng6 Bg7 56. Nf4 Bf8 57. Ne6 Be7 58. Nd8 Kb3 59. Nc6 Bf8 60. Nxa5+ Kxa4 61. Nc4 Kb5 62. Ne5 Kc5 63. Ke4 Kd6 64. Kf5 Bg7 65. Kg6 Bf8 66. Nd3 Ke6 67. Nf4+ Ke5 68. Nh5 Ke6 69. Ng3 Ba3 70. Kg7 Bb4 71. Kg8 Ba3 72. Ne2 Kf6 73. Nc3 Kg6 74. Nd5 Bc5 75. Nc7 Ba3 76. Nb5 Bb4 77. Nc3 Kh6 78. Nd5 Ba3 79. Nf4 Bb4 80. Ne6 Ba3 81. f8Q+ Bxf8 82. Nxf8 1/2-1/2

[Event "POL-chT3 Slaskie"]
[Site "Poland"]
[Date "2008.02.19"]
[Round "3.9"]
[White "Majczyna, Andrzej"]
[Black "Szmyd, Arkadiusz"]
[Result "1/2-1/2"]
[WhiteElo "2100"]
[BlackElo "2112"]
[PlyCount "71"]
[EventDate "2008.02.03"]
[EventType "team-swiss"]
[EventRounds "9"]
[EventCountry "POL"]
[SourceTitle "EXT 2019"]
[Source "ChessBase"]
[SourceDate "2018.10.10"]
[SourceVersion "1"]
[SourceVersionDate "2018.10.10"]
[SourceQuality "1"]

1. d4 e6 2. e3 c5 3. c3 d5 4. Bd3 Nf6 5. Nd2 Nc6 6. f4 Be7 7. Ngf3 0-0 8. Ne5 Nd7 9. 0-0 f6 10. Qh5 f5 11. Nxd7 Bxd7 12. Nf3 Be8 13. Qh3 Rf6 14. Ne5 Rh6 15. Qf3 Bh5 16. Qf2 Bh4 17. Qc2 c4 18. Be2 Bxe2 19. Qxe2 Bf6 20. b3 Bxe5 21. fxe5 Qh4 22. g3 Qh5 23. Qxh5 Rxh5 24. bxc4 dxc4 25. Rb1 b6 26. Ba3 Rg5 27. Rbd1 Rd8 28. Bd6 g6 29. Kg2 Rg4 30. h3 Re4 31. Kf3 Kf7 32. Rb1 h5 33. h4 Rg4 34. Rh1 Ke8 35. Rhe1 Re4 36. Rb2 1/2-1/2

[Event "POL-chT3 Liga Slaska"]
[Site "Poland"]
[Date "2007.05.13"]
[Round "9"]
[White "Majczyna, Andrzej"]
[Black "Obrusnik, Michal"]
[Result "0-1"]
[WhiteElo "2066"]
[BlackElo "1923"]
[PlyCount "80"]
[EventDate "2007.01.28"]
[EventType "team-swiss"]
[EventRounds "9"]
[EventCountry "POL"]
[SourceTitle "EXT 2011"]
[Source "ChessBase"]
[SourceDate "2010.11.26"]
[SourceVersion "1"]
[SourceVersionDate "2010.11.26"]
[SourceQuality "1"]
[WhiteTeam "Lubliniec LKS Sparta"]
[BlackTeam "Raciborz KSz Silesia II"]
[WhiteTeamCountry "POL"]
[BlackTeamCountry "POL"]

1. d4 Nf6 2. c3 d6 3. Bg5 Ne4 4. Bh4 g5 5. Bg3 h5 6. f3 h4 7. fxe4 hxg3 8. h3 g4 9. Qd3 e5 10. Qxg3 Be7 11. Qd3 exd4 12. cxd4 c5 13. e3 Bh4+ 14. Kd1 Bf6 15. Nc3 Nc6 16. Nge2 a6 17. a3 b5 18. b3 Be6 19. Nd5 Be7 20. Nef4 Ra7 21. Be2 gxh3 22. gxh3 Bg5 23. Rc1 Bxf4 24. Nxf4 c4 25. Qc3 d5 26. exd5 Bxd5 27. Nxd5 Qxd5 28. Kd2 Ne5 29. bxc4 bxc4 30. Rb1 Kd7 31. Qb4 Rc7 32. Qa4+ Ke7 33. Qxa6 c3+ 34. Kc1 Qxh1+ 35. Bf1 Nc4 36. Kc2 Qh2+ 37. Kd3 Qd2+ 38. Ke4 Qxe3+ 39. Kf5 Rh5+ 40. Kg4 Rg5+ 0-1

[Event "POL-chT3 Liga Slaska"]
[Site "Poland"]
[Date "2007.05.12"]
[Round "7"]
[White "Michalczyk, Stanislaw"]
[Black "Majczyna, Andrzej"]
[Result "0-1"]
[WhiteElo "2121"]
[BlackElo "2066"]
[PlyCount "72"]
[EventDate "2007.01.28"]
[EventType "team-swiss"]
[EventRounds "9"]
[EventCountry "POL"]
[SourceTitle "EXT 2011"]
[Source "ChessBase"]
[SourceDate "2010.11.26"]
[SourceVersion "1"]
[SourceVersionDate "2010.11.26"]
[SourceQuality "1"]
[WhiteTeam "Czerwionka Gornik 23"]
[BlackTeam "Lubliniec LKS Sparta"]
[WhiteTeamCountry "POL"]
[BlackTeamCountry "POL"]

1. e4 e6 2. d4 d5 3. e5 c5 4. c3 Nc6 5. Nf3 Qb6 6. a3 c4 7. Nbd2 Bd7 8. Rb1 Be7 9. Be2 f5 10. 0-0 Nh6 11. b3 cxb3 12. Nxb3 Nf7 13. Nfd2 Qc7 14. c4 0-0 15. cxd5 exd5 16. Nf3 Nfd8 17. Qd3 Ne6 18. Rd1 Rac8 19. h4 h6 20. g3 a6 21. Bf1 Na7 22. Bh3 Nb5 23. Bb2 Nxa3 24. Bxa3 Bxa3 25. Bxf5 Ng5 26. g4 Nh3+ 27. Kh2 Nxf2 28. Qe3 Bxf5 29. Qxf2 Bxb1 30. Rxb1 Qc2 31. Nbd2 Rxf3 32. Qxf3 Qxd2+ 33. Kh1 Rc2 34. Qg3 Bc1 35. Rxb7 Qd1+ 36. Qg1 Qf3+ 0-1

[Event "Krakow op-B"]
[Site "Krakow"]
[Date "2004.01.04"]
[Round "9"]
[White "Majczyna, Andrzej"]
[Black "Rupik, Marek"]
[Result "1-0"]
[WhiteElo "1800"]
[BlackElo "2063"]
[PlyCount "105"]
[EventDate "2003.12.27"]
[EventType "swiss"]
[EventRounds "9"]
[EventCountry "POL"]
[SourceTitle "EXT 2006"]
[Source "ChessBase"]
[SourceDate "2005.11.24"]
[SourceVersion "1"]
[SourceVersionDate "2005.11.24"]
[SourceQuality "1"]

1. d4 d5 2. f4 Nf6 3. Nf3 c5 4. e3 Bg4 5. Be2 Bxf3 6. Bxf3 cxd4 7. exd4 e6 8. 0-0 Qb6 9. c3 Bd6 10. Kh1 0-0 11. Be2 Ne4 12. Nd2 Nxd2 13. Qxd2 Nd7 14. Bd3 Qc7 15. Qe2 Rfe8 16. Bd2 f5 17. Bb5 a6 18. Bxd7 Qxd7 19. Rae1 Qa4 20. a3 Rac8 21. Bc1 Qc4 22. Qxc4 Rxc4 23. Re2 b5 24. Rfe1 Kf7 25. g3 a5 26. Bd2 b4 27. axb4 axb4 28. b3 bxc3 29. bxc4 cxd2 30. Rb1 Bb4 31. cxd5 exd5 32. Rxe8 Kxe8 33. Kg2 Bc3 34. Rd1 Kd7 35. Kf3 Kc6 36. Ke3 h6 37. Kd3 Bb4 38. Kc2 Kb5 39. Kb3 Ba5 40. h4 Bb4 41. h5 Ba5 42. Ra1 Bb4 43. Kc2 Kb6 44. Ra8 Bc3 45. Rd8 Bxd4 46. Rxd5 Bf2 47. Kxd2 Bxg3 48. Rxf5 Kc6 49. Ke3 Bh4 50. Rf7 Bf6 51. Ke4 Kd6 52. Kf5 Bc3 53. Kg6 1-0

[Event "Krakow op-B"]
[Site "Krakow"]
[Date "2004.01.02"]
[Round "7"]
[White "Koper, Ireneusz"]
[Black "Majczyna, Andrzej"]
[Result "1-0"]
[WhiteElo "2095"]
[BlackElo "1800"]
[PlyCount "159"]
[EventDate "2003.12.27"]
[EventType "swiss"]
[EventRounds "9"]
[EventCountry "POL"]
[SourceTitle "EXT 2006"]
[Source "ChessBase"]
[SourceDate "2005.11.24"]
[SourceVersion "1"]
[SourceVersionDate "2005.11.24"]
[SourceQuality "1"]

1. f4 d5 2. Nf3 e6 3. b3 f5 4. Bb2 Nf6 5. e3 Be7 6. d3 0-0 7. Ne5 Nbd7 8. Be2 c6 9. Nd2 Bc5 10. Nf1 Qb6 11. Qc1 d4 12. Nc4 Qb4+ 13. c3 dxc3 14. Bxc3 Qb5 15. a4 Qa6 16. d4 Be7 17. a5 b5 18. axb6 Qb7 19. Rxa7 Rxa7 20. bxa7 Qxa7 21. Nfd2 Nd5 22. 0-0 N7f6 23. Nf3 Ne4 24. Be1 Qa2 25. Bd1 Ba6 26. Nfe5 Bb5 27. Qc2 Qa1 28. Bf3 Nxe3 29. Nxe3 Bxf1 30. Kxf1 Bb4 31. Nd3 Nd2+ 32. Kf2 Nxf3 33. Bxb4 Nxd4 34. Qc4 Qa2+ 35. Kg3 Ne2+ 36. Kh4 Rf6 37. Nxf5 g5+ 38. fxg5 Rxf5 39. Qxe6+ Rf7 40. Ne5 Qa7 41. Nxf7 Qf2+ 42. g3 Qxh2+ 43. Qh3 Qxh3+ 44. Kxh3 Kxf7 45. Bc5 Nc1 46. b4 Nd3 47. Kg4 Kg6 48. Be7 Kf7 49. Bd6 Kg6 50. Bc5 Ne5+ 51. Kf4 Nd7 52. Be3 Kf7 53. Kf5 Nf8 54. Ke5 Ng6+ 55. Kd6 Ne7 56. Bf4 Ke8 57. Ke6 Nd5 58. Bd6 Nc3 59. Be5 Nd5 60. b5 Nb4 61. b6 Na6 62. Kd6 Nb8 63. Kc7 Nd7 64. Bd6 c5 65. b7 c4 66. Bb4 c3 67. Bxc3 Ke7 68. Bd4 Ke6 69. Be3 Ke7 70. b8Q Nxb8 71. Kxb8 Kf7 72. Kc7 Kg6 73. g4 Kg7 74. Kd6 Kg8 75. Ke6 Kg7 76. Kf5 Kg8 77. Kf6 Kh8 78. Kf7 h5 79. g6 hxg4 80. Bd4# 1-0